The Norton anthology of American literature / (Record no. 10289)
[ view plain ]
| 000 -LEADER | |
|---|---|
| fixed length control field | 00893aam a2200289 a 4500 |
| 001 - CONTROL NUMBER | |
| control field | 10289 |
| 003 - CONTROL NUMBER IDENTIFIER | |
| control field | BD-JhCC |
| 005 - DATE AND TIME OF LATEST TRANSACTION | |
| control field | 20180423131416.0 |
| 008 - FIXED-LENGTH DATA ELEMENTS--GENERAL INFORMATION | |
| fixed length control field | 180423s1994 nyu 001 0 eng |
| 010 ## - LIBRARY OF CONGRESS CONTROL NUMBER | |
| LC control number | 93045720 |
| 020 ## - INTERNATIONAL STANDARD BOOK NUMBER | |
| International Standard Book Number | 0393964612 |
| 035 ## - SYSTEM CONTROL NUMBER | |
| System control number | (BD-JhCC)10289 |
| 040 ## - CATALOGING SOURCE | |
| Original cataloging agency | DLC |
| Transcribing agency | DLC |
| Modifying agency | DLC |
| -- | BD-JhCC |
| 050 00 - LIBRARY OF CONGRESS CALL NUMBER | |
| Classification number | PS507 |
| Item number | .N65 1994 |
| 082 00 - DEWEY DECIMAL CLASSIFICATION NUMBER | |
| Classification number | 810.8 |
| Edition number | 20 |
| Item number | NOR 1994 |
| 245 04 - TITLE STATEMENT | |
| Title | The Norton anthology of American literature / |
| Statement of responsibility, etc. | [edited by] Nina Baym ... [et al.]. |
| 250 ## - EDITION STATEMENT | |
| Edition statement | 4th ed. |
| 260 ## - PUBLICATION, DISTRIBUTION, ETC. | |
| Place of publication, distribution, etc. | New York : |
| Name of publisher, distributor, etc. | Norton, |
| Date of publication, distribution, etc. | 1994. |
| 263 ## - PROJECTED PUBLICATION DATE | |
| Projected publication date | 9401 |
| 300 ## - PHYSICAL DESCRIPTION | |
| Extent | 1, 2 v. cm. |
| 504 ## - BIBLIOGRAPHY, ETC. NOTE | |
| Bibliography, etc. note | Includes bibliographical references (p. ) and index. |
| 650 #0 - SUBJECT ADDED ENTRY--TOPICAL TERM | |
| Topical term or geographic name entry element | American literature. |
| 651 #0 - SUBJECT ADDED ENTRY--GEOGRAPHIC NAME | |
| Geographic name | United States |
| General subdivision | Literary collections. |
| 700 1# - ADDED ENTRY--PERSONAL NAME | |
| Personal name | Baym, Nina. |
| 942 ## - ADDED ENTRY ELEMENTS (KOHA) | |
| Source of classification or shelving scheme | Dewey Decimal Classification |
| Koha item type | Reference |
| Withdrawn status | Lost status | Source of classification or shelving scheme | Materials specified (bound volume or other part) | Damaged status | Not for loan | Home library | Current library | Shelving location | Date acquired | Cost, normal purchase price | Total Checkouts | Full call number | Barcode | Date last seen | Copy number | Price effective from | Koha item type |
|---|---|---|---|---|---|---|---|---|---|---|---|---|---|---|---|---|---|
| Dewey Decimal Classification | V-1 | JCC Rouf Library | JCC Rouf Library | General Stacks | 04/23/2018 | 3600.00 | 810.8 NOR 1994 | 13624 | 04/23/2018 | C-1 | 04/23/2018 | Reference | |||||
| Dewey Decimal Classification | V-2 | JCC Rouf Library | JCC Rouf Library | General Stacks | 04/23/2018 | 3600.00 | 810.8 NOR 1994 | 13625 | 04/23/2018 | C-2 | 04/23/2018 | Reference |